000
00325nam a22001457a 4500
008
230720b ||||| |||| 00| 0 eng d
020
_a
9781566391658
041
_a
eng
080
_a
61
082
_a
61COH
100
_a
5
101
_a
MJP
245
_a
AIDS CRISIS IN PROFESSIONAL ETHICS
_c
COHEN .D E
942
_2
udc
_c
BK
999
_c
60184
_d
60184